000 00620nam a22002057a 4500
005 20251108172725.0
008 250721s2002 xx 000 0 ara d
082 1 4 _a513.09/خور
100 1 _aالخوري، موسى ديب
_eمؤلف
245 1 0 _aقصة الأرقام عبر حضارات الشرق القديم /
264 1 _aدمشق :
_bمنشورات وزارة الثقافة،
_c2002.
300 _a247ص
650 1 7 _aالرياضيات
650 1 7 _aالتاريخ
650 1 7 _aعلم الآثار
650 1 7 _aالأرقام
650 1 7 _aالأعداد
942 _2ddc
_cBK
999 _c86883
_d86883